[Event "Hoogeveen Open 2016"]
[Site "Hoogeveen"]
[Date "2016.10.16"]
[Round "2.10"]
[White "Heemskerk, Wim"]
[Black "Sundararajan, Kidambi"]
[Result "1/2-1/2"]
[BlackElo "2429"]
[WhiteElo "2243"]
[LiveChessVersion "1.4.8"]

1. Nf3 {[%clk 1:30:55]} d5 {[%clk 1:30:52]} 2. g3 {[%clk 1:31:16]} g6
{[%clk 1:31:15]} 3. Bg2 {[%clk 1:31:08]} Bg7 {[%clk 1:31:38]} 4. d4
{[%clk 1:30:40]} Nf6 {[%clk 1:30:45]} 5. O-O {[%clk 1:29:05]} c6 {[%clk 1:30:33]}
6. b3 {[%clk 1:28:10]} O-O {[%clk 1:30:53]} 7. c4 {[%clk 1:26:00]} Bf5
{[%clk 1:27:45]} 8. Bb2 {[%clk 1:24:47]} Nbd7 {[%clk 1:25:57]} 9. Nc3
{[%clk 1:23:58]} dxc4 {[%clk 1:24:07]} 10. bxc4 {[%clk 1:22:23]} Nb6
{[%clk 1:24:20]} 11. c5 {[%clk 0:54:32]} Nc4 {[%clk 1:24:30]} 12. Qb3
{[%clk 0:51:48]} Nxb2 {[%clk 1:21:16]} 13. Qxb2 {[%clk 0:51:05]} Qc7
{[%clk 1:16:03]} 14. Rfd1 {[%clk 0:49:52]} Ne4 {[%clk 1:10:36]} 15. Rac1
{[%clk 0:49:39]} Rfd8 {[%clk 1:01:48]} 16. Nxe4 {[%clk 0:39:04]} Bxe4
{[%clk 1:02:12]} 17. Qb4 {[%clk 0:35:13]} b5 {[%clk 0:49:57]} 18. cxb6
{[%clk 0:34:35]} axb6 {[%clk 0:49:51]} 19. Rd2 {[%clk 0:30:35]} Qa7
{[%clk 0:37:09]} 20. Ng5 {[%clk 0:22:13]} Bxg2 {[%clk 0:35:32]} 21. Kxg2
{[%clk 0:22:39]} Qb7 {[%clk 0:21:31]} 22. Nf3 {[%clk 0:19:21]} Rd6
{[%clk 0:10:57]} 23. Kg1 {[%clk 0:17:52]} Rad8 {[%clk 0:08:24]} 24. Rb1
{[%clk 0:11:28]} b5 {[%clk 0:07:45]} 25. a4 {[%clk 0:11:48]} e5 {[%clk 0:07:00]}
26. axb5 {[%clk 0:08:49]} cxb5 {[%clk 0:07:18]} 27. Qxb5 {[%clk 0:07:47]} Qxb5
{[%clk 0:07:40]} 1/2-1/2

[Event "Hoogeveen Open 2016"]
[Site "Hoogeveen"]
[Date "2016.10.16"]
[Round "2.11"]
[White "Mager, Denis"]
[Black "Jonkman, Harmen"]
[Result "1-0"]
[BlackElo "2413"]
[WhiteElo "2224"]
[LiveChessVersion "1.4.8"]

1. e4 {[%clk 1:30:57]} e5 {[%clk 1:12:46]} 2. Nf3 {[%clk 1:30:59]} Nc6
{[%clk 1:13:01]} 3. d4 {[%clk 1:31:11]} exd4 {[%clk 1:13:13]} 4. Nxd4
{[%clk 1:31:34]} Bb4+ {[%clk 1:09:57]} 5. c3 {[%clk 1:31:49]} Bc5
{[%clk 1:10:22]} 6. Nxc6 {[%clk 1:29:10]} bxc6 {[%clk 1:10:33]} 7. Bd3
{[%clk 1:21:09]} Qh4 {[%clk 1:00:53]} 8. Qe2 {[%clk 1:12:50]} Ne7
{[%clk 0:59:09]} 9. b4 {[%clk 1:07:53]} Bb6 {[%clk 0:58:15]} 10. a4
{[%clk 1:06:33]} a5 {[%clk 0:56:58]} 11. Nd2 {[%clk 1:05:34]} Ng6
{[%clk 0:36:58]} 12. Nc4 {[%clk 0:59:58]} Nf4 {[%clk 0:33:09]} 13. Bxf4
{[%clk 0:59:28]} Qxf4 {[%clk 0:33:36]} 14. Nxb6 {[%clk 0:58:20]} cxb6
{[%clk 0:34:04]} 15. Qd2 {[%clk 0:53:37]} Qc7 {[%clk 0:30:49]} 16. O-O
{[%clk 0:51:49]} O-O {[%clk 0:31:10]} 17. Rfd1 {[%clk 0:49:46]} Rd8
{[%clk 0:19:30]} 18. Bc4 {[%clk 0:42:19]} d6 {[%clk 0:19:25]} 19. Qf4
{[%clk 0:35:39]} Be6 {[%clk 0:18:52]} 20. Bxe6 {[%clk 0:34:25]} fxe6
{[%clk 0:19:21]} 21. Qg4 {[%clk 0:30:43]} Qe7 {[%clk 0:17:00]} 22. Rab1
{[%clk 0:28:58]} axb4 {[%clk 0:12:44]} 23. Rxb4 {[%clk 0:28:25]} Ra6
{[%clk 0:10:00]} 24. Qe2 {[%clk 0:25:55]} Rda8 {[%clk 0:10:21]} 25. Rbd4
{[%clk 0:23:49]} Rxa4 {[%clk 0:05:44]} 26. Rxd6 {[%clk 0:23:26]} Rc8
{[%clk 0:03:05]} 27. Qg4 {[%clk 0:20:32]} h5 {[%clk 0:03:33]} 28. Qxe6+
{[%clk 0:11:31]} Qxe6 {[%clk 0:03:59]} 29. Rxe6 {[%clk 0:11:57]} Rc7
{[%clk 0:04:12]} 30. f4 {[%clk 0:10:01]} Kf7 {[%clk 0:02:32]} 31. Re5
{[%clk 0:08:21]} Re7 {[%clk 0:01:07]} 32. Rf5+ {[%clk 0:07:05]} Ke6
{[%clk 0:01:32]} 33. Re1 {[%clk 0:06:00]} Rf7 {[%clk 0:00:36]} 34. Re5+
{[%clk 0:05:20]} Kd6 {[%clk 0:01:04]} 35. g3 {[%clk 0:04:18]} h4 {[%clk 0:01:33]}
36. Rh5 {[%clk 0:03:37]} hxg3 {[%clk 0:01:44]} 37. hxg3 {[%clk 0:04:01]} Ra2
{[%clk 0:01:26]} 38. Rd1+ {[%clk 0:03:23]} Kc7 {[%clk 0:01:24]} 39. Rh2
{[%clk 0:01:03]} Ra3 {[%clk 0:01:52]} 40. Rc2 {[%clk 0:01:08]} b5
{[%clk 0:01:49]} 41. Kf2 {[%clk 0:00:36]} Kb6 {[%clk 0:30:30]} 42. e5
{[%clk 0:29:37]} Kc5 {[%clk 0:29:53]} 43. e6 {[%clk 0:28:02]} Re7
{[%clk 0:29:17]} 44. f5 {[%clk 0:27:32]} Kc4 {[%clk 0:29:40]} 45. Rd4+
{[%clk 0:25:45]} Kb3 {[%clk 0:30:07]} 46. Rcd2 {[%clk 0:25:38]} Kxc3
{[%clk 0:14:30]} 47. R2d3+ {[%clk 0:25:33]} Kb2 {[%clk 0:14:53]} 48. Rxa3
{[%clk 0:24:51]} Kxa3 {[%clk 0:15:21]} 49. Rd7 {[%clk 0:25:15]} Re8
{[%clk 0:15:40]} 50. Rxg7 {[%clk 0:25:14]} c5 {[%clk 0:15:27]} 51. Ra7+ Kb3
{[%clk 0:15:33]} 52. e7 {[%clk 0:24:55]} c4 {[%clk 0:15:11]} 53. f6
{[%clk 0:25:16]} c3 {[%clk 0:15:10]} 54. f7 {[%clk 0:25:13]} 1-0

[Event "Hoogeveen Open 2016"]
[Site "Hoogeveen"]
[Date "2016.10.16"]
[Round "2.12"]
[White "Nitin, S."]
[Black "Vedder, Richard"]
[Result "1/2-1/2"]
[BlackElo "2205"]
[WhiteElo "2410"]
[LiveChessVersion "1.4.8"]

1. e4 {[%clk 1:30:19]} e5 {[%clk 1:30:58]} 2. Nf3 {[%clk 1:30:34]} Nc6
{[%clk 1:31:22]} 3. Nc3 {[%clk 1:30:23]} Bb4 {[%clk 1:31:26]} 4. Nd5
{[%clk 1:28:52]} Nf6 {[%clk 1:31:51]} 5. Nxb4 {[%clk 1:21:47]} Nxb4
{[%clk 1:32:17]} 6. c3 {[%clk 1:21:58]} Nc6 {[%clk 1:32:41]} 7. d4
{[%clk 1:21:50]} d5 {[%clk 1:20:46]} 8. exd5 {[%clk 0:59:02]} Qxd5
{[%clk 1:21:04]} 9. Nxe5 {[%clk 0:57:00]} Nxe5 {[%clk 1:21:16]} 10. dxe5
{[%clk 0:57:11]} Qxd1+ {[%clk 1:21:18]} 11. Kxd1 {[%clk 0:57:33]} Ng4
{[%clk 1:21:45]} 12. Ke1 {[%clk 0:55:17]} Nxe5 {[%clk 1:21:51]} 13. f4
{[%clk 0:50:18]} Nc6 {[%clk 1:20:49]} 14. Kf2 {[%clk 0:40:47]} Be6
{[%clk 1:16:32]} 15. Bb5 {[%clk 0:37:35]} O-O-O {[%clk 1:16:42]} 16. Bxc6
{[%clk 0:36:24]} bxc6 {[%clk 1:17:10]} 17. Be3 {[%clk 0:36:43]} Rhe8
{[%clk 1:14:01]} 18. Rhd1 {[%clk 0:31:29]} Rxd1 {[%clk 1:09:51]} 19. Rxd1
{[%clk 0:31:30]} Rd8 {[%clk 1:08:09]} 20. Ra1 {[%clk 0:31:45]} a6
{[%clk 1:07:58]} 21. a4 {[%clk 0:24:41]} h5 {[%clk 1:07:17]} 22. a5
{[%clk 0:24:15]} g6 {[%clk 1:07:11]} 23. Re1 {[%clk 0:15:36]} Rd5
{[%clk 1:05:13]} 24. b4 {[%clk 0:15:54]} Rd3 {[%clk 1:05:36]} 25. Bd4
{[%clk 0:14:56]} Rd2+ {[%clk 1:05:54]} 26. Re2 {[%clk 0:14:46]} Rd1
{[%clk 1:03:08]} 27. Kg3 {[%clk 0:13:02]} Kd7 {[%clk 1:02:24]} 28. Kh4
{[%clk 0:11:27]} Bc4 {[%clk 1:01:16]} 29. Rf2 {[%clk 0:11:09]} Rf1
{[%clk 0:57:15]} 30. Rxf1 {[%clk 0:09:54]} Bxf1 {[%clk 0:57:43]} 31. g3
{[%clk 0:10:00]} Bd3 {[%clk 0:50:46]} 32. g4 {[%clk 0:07:02]} hxg4
{[%clk 0:50:59]} 33. Kxg4 {[%clk 0:07:26]} Bf5+ {[%clk 0:49:26]} 34. Kg5
{[%clk 0:07:50]} Be6 {[%clk 0:41:11]} 35. Kf6 {[%clk 0:07:56]} Bc4
{[%clk 0:40:54]} 36. h4 {[%clk 0:08:13]} Bd5 {[%clk 0:40:41]} 37. Bc5
{[%clk 0:05:01]} Bc4 {[%clk 0:40:50]} 38. Be3 {[%clk 0:03:57]} Bb3
{[%clk 0:41:06]} 39. Ke5 {[%clk 0:03:25]} Bd1 {[%clk 0:40:11]} 40. Kf6
{[%clk 0:02:42]} Bb3 {[%clk 0:40:35]} 41. Bd4 {[%clk 0:01:44]} Bc4
{[%clk 0:39:42]} 42. f5 {[%clk 0:01:57]} Bd3 {[%clk 0:39:48]} 43. Be5
{[%clk 0:02:22]} Bc2 {[%clk 0:37:54]} 44. Bf4 {[%clk 0:02:41]} Bd3
{[%clk 0:37:13]} 45. c4 {[%clk 0:03:04]} Kc8 {[%clk 0:35:28]} 46. Be3
{[%clk 0:01:48]} Kd7 {[%clk 0:35:24]} 47. Bd4 {[%clk 0:01:20]} Kc8
{[%clk 0:34:52]} 48. Bc5 {[%clk 0:01:31]} Kd7 {[%clk 0:35:03]} 49. Bd4 1/2-1/2

[Event "Hoogeveen Open 2016"]
[Site "Hoogeveen"]
[Date "2016.10.16"]
[Round "2.13"]
[White "De Graaf, Dick"]
[Black "Beerdsen, Thomas"]
[Result "0-1"]
[BlackElo "2404"]
[WhiteElo "2195"]
[LiveChessVersion "1.4.8"]

1. e4 {[%clk 1:20:04]} c5 {[%clk 1:30:52]} 2. Nf3 {[%clk 1:19:39]} d6
{[%clk 1:31:16]} 3. d4 {[%clk 1:20:01]} cxd4 {[%clk 1:31:40]} 4. Nxd4
{[%clk 1:20:26]} Nf6 {[%clk 1:32:04]} 5. Nc3 {[%clk 1:20:49]} g6 {[%clk 1:32:00]}
6. Be3 {[%clk 1:20:07]} a6 {[%clk 1:32:24]} 7. f3 {[%clk 1:17:55]} Bg7
{[%clk 1:29:01]} 8. Qd2 {[%clk 1:15:03]} h5 {[%clk 1:28:40]} 9. a4
{[%clk 1:15:02]} Nc6 {[%clk 1:25:25]} 10. Be2 {[%clk 1:00:23]} Bd7
{[%clk 1:18:36]} 11. O-O {[%clk 0:56:22]} Rc8 {[%clk 1:16:52]} 12. Nxc6
{[%clk 0:45:49]} Bxc6 {[%clk 1:16:51]} 13. a5 {[%clk 0:45:21]} O-O
{[%clk 1:13:20]} 14. Rfd1 {[%clk 0:33:58]} Qd7 {[%clk 1:07:23]} 15. Ra3
{[%clk 0:23:46]} Rfd8 {[%clk 1:03:13]} 16. Bb6 {[%clk 0:13:00]} Re8
{[%clk 1:02:45]} 17. Qe3 {[%clk 0:10:52]} Qe6 {[%clk 1:01:58]} 18. Bd4
{[%clk 0:09:28]} Nd7 {[%clk 0:54:11]} 19. Bxg7 {[%clk 0:09:52]} Kxg7
{[%clk 0:54:38]} 20. Qf2 {[%clk 0:09:45]} Nc5 {[%clk 0:52:14]} 21. Bd3
{[%clk 0:07:26]} Qf6 {[%clk 0:51:21]} 22. f4 {[%clk 0:07:21]} e5 {[%clk 0:48:08]}
23. fxe5 {[%clk 0:03:49]} Qxf2+ {[%clk 0:48:00]} 24. Kxf2 {[%clk 0:04:17]} Rxe5
{[%clk 0:48:25]} 25. Raa1 {[%clk 0:02:07]} Bxe4 {[%clk 0:46:22]} 26. Bxe4
{[%clk 0:02:08]} Nxe4+ {[%clk 0:46:48]} 27. Nxe4 {[%clk 0:02:29]} Rxe4
{[%clk 0:47:16]} 28. c3 {[%clk 0:02:49]} Rce8 {[%clk 0:45:43]} 29. Rd2
{[%clk 0:03:05]} R8e5 {[%clk 0:42:08]} 30. h3 {[%clk 0:03:04]} Kf8
{[%clk 0:42:11]} 31. Ra3 {[%clk 0:02:48]} h4 {[%clk 0:41:51]} 32. Ra1
{[%clk 0:02:57]} Ke7 {[%clk 0:41:53]} 33. Rad1 {[%clk 0:03:12]} Re6
{[%clk 0:41:17]} 34. Kf1 {[%clk 0:03:04]} g5 {[%clk 0:40:47]} 35. Rd4
{[%clk 0:03:06]} Kd7 {[%clk 0:37:26]} 36. R4d2 {[%clk 0:00:47]} Kc6
{[%clk 0:36:55]} 37. Rf2 {[%clk 0:01:07]} f6 {[%clk 0:37:18]} 38. Kg1
{[%clk 0:01:17]} R4e5 {[%clk 0:32:49]} 39. Rdf1 {[%clk 0:00:47]} Rxa5
{[%clk 0:32:57]} 40. Rxf6 {[%clk 0:01:12]} Rxf6 {[%clk 0:33:19]} 41. Rxf6
{[%clk 0:01:40]} Rb5 {[%clk 0:29:16]} 42. Rf2 {[%clk 0:23:17]} a5
{[%clk 0:56:29]} 43. Kf1 {[%clk 0:21:11]} a4 {[%clk 0:56:41]} 44. Ke1
{[%clk 0:21:28]} Rb3 {[%clk 0:55:04]} 45. Rc2 {[%clk 0:15:07]} Kc5
{[%clk 0:54:05]} 46. Kd1 {[%clk 0:15:13]} d5 {[%clk 0:51:35]} 47. Ke2
{[%clk 0:06:55]} a3 {[%clk 0:50:56]} 48. bxa3 {[%clk 0:07:21]} Kc4
{[%clk 0:51:21]} 49. Ra2 {[%clk 0:05:40]} Kxc3 {[%clk 0:50:45]} 50. Kf3
{[%clk 0:04:40]} d4 {[%clk 0:51:08]} 51. a4 {[%clk 0:05:00]} Rb2 {[%clk 0:50:27]}
52. Ra3+ {[%clk 0:04:39]} Kc4 {[%clk 0:49:41]} 53. Ra1 {[%clk 0:04:59]} d3
{[%clk 0:49:47]} 54. a5 {[%clk 0:05:01]} d2 {[%clk 0:49:06]} 55. Ke2
{[%clk 0:04:14]} d1=Q+ {[%clk 0:49:29]} 56. Kxd1 {[%clk 0:04:41]} Rxg2
{[%clk 0:49:51]} 57. a6 {[%clk 0:04:57]} Rg1+ {[%clk 0:49:35]} 58. Kc2
{[%clk 0:05:15]} Rxa1 {[%clk 0:49:57]} 59. axb7 {[%clk 0:05:40]} Ra2+
{[%clk 0:50:24]} 0-1

[Event "Hoogeveen Open 2016"]
[Site "Hoogeveen"]
[Date "2016.10.16"]
[Round "2.14"]
[White "Valdes Romero, Leonardo"]
[Black "Fehr, Axel, Dr."]
[Result "1/2-1/2"]
[BlackElo "2130"]
[WhiteElo "2391"]
[LiveChessVersion "1.4.8"]

1. Nf3 {[%clk 1:27:48]} f5 {[%clk 1:30:52]} 2. g3 {[%clk 1:27:52]} d6
{[%clk 1:30:17]} 3. d4 {[%clk 1:26:50]} Nf6 {[%clk 1:29:48]} 4. Bg2
{[%clk 1:27:09]} g6 {[%clk 1:30:03]} 5. O-O {[%clk 1:26:03]} Bg7 {[%clk 1:30:26]}
6. c4 {[%clk 1:26:28]} O-O {[%clk 1:30:29]} 7. Nc3 {[%clk 1:26:53]} c6
{[%clk 1:30:11]} 8. d5 {[%clk 1:24:47]} e5 {[%clk 1:30:12]} 9. dxe6
{[%clk 1:25:11]} Bxe6 {[%clk 1:30:37]} 10. Qd3 {[%clk 1:23:15]} Ng4
{[%clk 1:28:30]} 11. b3 {[%clk 1:18:27]} Na6 {[%clk 1:19:33]} 12. Bb2
{[%clk 1:18:05]} Nb4 {[%clk 0:53:28]} 13. Qd2 {[%clk 1:13:41]} Bh6
{[%clk 0:50:11]} 14. Qd1 {[%clk 1:11:01]} Qe7 {[%clk 0:47:25]} 15. Nd4
{[%clk 1:05:40]} f4 {[%clk 0:38:59]} 16. Nxe6 {[%clk 0:56:49]} fxg3
{[%clk 0:30:05]} 17. hxg3 {[%clk 0:52:21]} Rxf2 {[%clk 0:24:52]} 18. Rxf2
{[%clk 0:52:08]} Be3 {[%clk 0:25:08]} 19. Ne4 {[%clk 0:50:59]} Qxe6
{[%clk 0:23:20]} 20. Bd4 {[%clk 0:45:30]} Nxf2 {[%clk 0:18:43]} 21. Nxf2
{[%clk 0:45:47]} Bxd4 {[%clk 0:14:07]} 22. Qxd4 {[%clk 0:46:11]} Nc2
{[%clk 0:14:29]} 23. Qc3 {[%clk 0:45:31]} Nxa1 {[%clk 0:14:39]} 24. Qxa1
{[%clk 0:45:56]} Qxe2 {[%clk 0:14:10]} 25. Ne4 {[%clk 0:45:43]} Qe3+
{[%clk 0:13:05]} 1/2-1/2

[Event "Hoogeveen Open 2016"]
[Site "Hoogeveen"]
[Date "2016.10.16"]
[Round "2.15"]
[White "Taams, Sander"]
[Black "Vereggen, Lars"]
[Result "0-1"]
[BlackElo "2380"]
[WhiteElo "1857"]
[LiveChessVersion "1.4.8"]

1. e4 {[%clk 1:30:57]} g6 {[%clk 1:29:25]} 2. d4 {[%clk 1:31:17]} Bg7
{[%clk 1:29:48]} 3. Nc3 {[%clk 1:31:22]} d6 {[%clk 1:28:05]} 4. f4
{[%clk 1:30:58]} a6 {[%clk 1:28:26]} 5. Nf3 {[%clk 1:22:54]} b5 {[%clk 1:27:49]}
6. a3 {[%clk 1:19:41]} Bb7 {[%clk 1:28:13]} 7. Bd3 {[%clk 1:18:38]} Nd7
{[%clk 1:28:37]} 8. e5 {[%clk 0:55:47]} e6 {[%clk 1:28:56]} 9. Ne4
{[%clk 0:52:42]} Nb6 {[%clk 1:27:57]} 10. O-O {[%clk 0:52:05]} Ne7
{[%clk 1:28:22]} 11. c3 {[%clk 0:48:05]} Nf5 {[%clk 1:28:04]} 12. g4
{[%clk 0:47:39]} Ne7 {[%clk 1:25:24]} 13. Nf6+ {[%clk 0:38:38]} Bxf6
{[%clk 1:25:20]} 14. exf6 {[%clk 0:39:02]} Ned5 {[%clk 1:25:42]} 15. g5
{[%clk 0:39:19]} Qd7 {[%clk 1:25:10]} 16. Qe2 {[%clk 0:38:50]} Kd8
{[%clk 1:04:22]} 17. Bd2 {[%clk 0:33:39]} Nc4 {[%clk 0:53:08]} 18. Bxc4
{[%clk 0:30:31]} bxc4 {[%clk 0:53:32]} 19. Qxc4 {[%clk 0:30:50]} Nb6
{[%clk 0:53:39]} 20. Qe2 {[%clk 0:30:19]} Qb5 {[%clk 0:54:03]} 21. Qxb5
{[%clk 0:26:00]} axb5 {[%clk 0:54:18]} 22. Rae1 {[%clk 0:21:36]} Kd7
{[%clk 0:52:28]} 23. Bc1 {[%clk 0:21:35]} Nd5 {[%clk 0:50:47]} 24. Nd2
{[%clk 0:19:55]} h6 {[%clk 0:50:41]} 25. Ne4 {[%clk 0:18:26]} hxg5
{[%clk 0:51:01]} 26. fxg5 {[%clk 0:18:42]} Rh4 {[%clk 0:51:25]} 27. Rf2
{[%clk 0:18:02]} Rah8 {[%clk 0:50:33]} 28. Ng3 {[%clk 0:15:50]} Rh3
{[%clk 0:50:28]} 29. Nf1 {[%clk 0:13:23]} R8h4 {[%clk 0:49:43]} 30. Ne3
{[%clk 0:12:08]} Nf4 {[%clk 0:48:41]} 31. Rd2 {[%clk 0:11:27]} Rf3
{[%clk 0:48:43]} 32. d5 {[%clk 0:10:33]} exd5 {[%clk 0:46:56]} 33. Ng2
{[%clk 0:09:40]} Nh3+ {[%clk 0:47:04]} 34. Kh1 {[%clk 0:10:03]} Re4
{[%clk 0:47:11]} 35. Rd4 {[%clk 0:09:02]} Rxe1+ {[%clk 0:46:35]} 36. Nxe1
{[%clk 0:09:27]} Rf1+ {[%clk 0:47:00]} 37. Kg2 {[%clk 0:09:53]} Rxe1
{[%clk 0:47:26]} 38. Kxh3 {[%clk 0:10:03]} Rxc1 {[%clk 0:47:33]} 39. Rh4
{[%clk 0:08:33]} Rg1 {[%clk 0:46:06]} 40. Rh7 {[%clk 0:08:53]} Ke6
{[%clk 0:46:26]} 41. Kh4 {[%clk 0:09:01]} d4 {[%clk 0:46:21]} 42. cxd4
{[%clk 0:09:19]} Kf5 {[%clk 0:46:41]} 43. h3 {[%clk 0:09:33]} Bd5
{[%clk 0:47:04]} 44. b3 {[%clk 0:09:35]} Kf4 {[%clk 0:47:17]} 45. a4
{[%clk 0:09:48]} Rh1 {[%clk 0:47:36]} 46. Rxf7 {[%clk 0:09:45]} Be6
{[%clk 0:47:49]} 47. a5 {[%clk 0:10:06]} Rxh3# {[%clk 0:48:12]} 0-1

[Event "Hoogeveen Open 2016"]
[Site "Hoogeveen"]
[Date "2016.10.16"]
[Round "2.16"]
[White "Harsha Bharathakoti"]
[Black "Kouwenhoven, Derk"]
[Result "1-0"]
[BlackElo "1964"]
[WhiteElo "2363"]
[LiveChessVersion "1.4.8"]

1. d4 {[%clk 1:30:13]} Nf6 {[%clk 1:30:35]} 2. c4 {[%clk 1:30:35]} g6
{[%clk 1:30:47]} 3. f3 {[%clk 1:28:34]} Bg7 {[%clk 1:30:42]} 4. e4
{[%clk 1:29:00]} d6 {[%clk 1:30:46]} 5. Nc3 {[%clk 1:29:26]} O-O {[%clk 1:30:52]}
6. Nge2 {[%clk 1:29:46]} c5 {[%clk 1:31:01]} 7. Be3 {[%clk 1:29:31]} Nc6
{[%clk 1:30:07]} 8. d5 {[%clk 1:28:11]} Ne5 {[%clk 1:29:42]} 9. Ng3
{[%clk 1:28:37]} h5 {[%clk 1:29:20]} 10. Be2 {[%clk 1:29:02]} h4 {[%clk 1:28:48]}
11. Nf1 {[%clk 1:29:27]} e6 {[%clk 1:26:48]} 12. Nd2 {[%clk 1:28:32]} exd5
{[%clk 1:22:39]} 13. cxd5 {[%clk 1:25:54]} a6 {[%clk 1:20:43]} 14. a4
{[%clk 1:25:20]} Bd7 {[%clk 1:18:25]} 15. O-O {[%clk 1:05:11]} h3
{[%clk 1:15:32]} 16. g4 {[%clk 1:03:09]} Qc8 {[%clk 1:05:36]} 17. a5
{[%clk 0:52:35]} Nh7 {[%clk 0:56:55]} 18. g5 {[%clk 0:42:13]} f5 {[%clk 0:53:28]}
19. f4 {[%clk 0:30:14]} Ng4 {[%clk 0:50:05]} 20. Bxg4 {[%clk 0:30:37]} fxg4
{[%clk 0:50:16]} 21. Nc4 {[%clk 0:30:50]} Qc7 {[%clk 0:48:20]} 22. e5
{[%clk 0:22:27]} dxe5 {[%clk 0:47:17]} 23. d6 {[%clk 0:17:43]} Qc6
{[%clk 0:44:39]} 24. Qd5+ {[%clk 0:17:20]} Kh8 {[%clk 0:39:17]} 25. Nxe5
{[%clk 0:13:34]} Bxe5 {[%clk 0:37:20]} 26. Qxe5+ {[%clk 0:10:39]} Nf6
{[%clk 0:30:25]} 27. Rf2 {[%clk 0:10:50]} Rae8 {[%clk 0:17:59]} 28. Qxc5
{[%clk 0:11:04]} g3 {[%clk 0:16:51]} 29. hxg3 {[%clk 0:09:27]} Ng4
{[%clk 0:15:41]} 30. Bd4+ {[%clk 0:09:01]} Kh7 {[%clk 0:14:50]} 31. Qxc6
{[%clk 0:05:58]} Bxc6 {[%clk 0:15:19]} 32. Rh2 {[%clk 0:06:14]} Nxh2
{[%clk 0:13:02]} 33. Kxh2 {[%clk 0:06:42]} Kg8 {[%clk 0:09:47]} 34. Be5
{[%clk 0:02:20]} Kf7 {[%clk 0:07:26]} 35. Rd1 {[%clk 0:00:40]} Ke6
{[%clk 0:06:32]} 36. d7 {[%clk 0:00:48]} Bxd7 {[%clk 0:06:09]} 37. Rd6+
{[%clk 0:01:11]} Ke7 {[%clk 0:06:02]} 38. Nd5+ {[%clk 0:01:38]} Kd8
{[%clk 0:05:33]} 39. Nb6 {[%clk 0:00:33]} Rf7 {[%clk 0:04:28]} 40. Nxd7
{[%clk 0:00:59]} Rxd7 {[%clk 0:04:48]} 41. Rxg6 {[%clk 0:01:25]} Rxe5
{[%clk 0:27:14]} 42. fxe5 {[%clk 0:31:27]} Rd2+ {[%clk 0:22:56]} 43. Kxh3
{[%clk 0:31:25]} Rxb2 {[%clk 0:23:17]} 44. Kg4 {[%clk 0:29:13]} Ke7
{[%clk 0:16:24]} 45. Kf4 {[%clk 0:25:24]} Rf2+ {[%clk 0:07:42]} 46. Ke3
{[%clk 0:25:29]} Ra2 {[%clk 0:05:29]} 47. Rb6 {[%clk 0:25:15]} Rxa5
{[%clk 0:05:26]} 48. Ke4 {[%clk 0:22:54]} Ra1 {[%clk 0:02:37]} 49. Rxb7+
{[%clk 0:23:13]} Ke6 {[%clk 0:02:13]} 50. g6 {[%clk 0:21:18]} Re1+
{[%clk 0:01:04]} 51. Kf4 {[%clk 0:21:43]} Rf1+ {[%clk 0:00:46]} 52. Kg4
{[%clk 0:21:34]} Rf8 {[%clk 0:00:59]} 53. g7 {[%clk 0:22:00]} Rg8
{[%clk 0:01:15]} 54. Kg5 {[%clk 0:22:26]} Kxe5 {[%clk 0:00:42]} 55. Kg6
{[%clk 0:22:51]} a5 {[%clk 0:01:05]} 56. Kh7 {[%clk 0:23:14]} 1-0

[Event "Hoogeveen Open 2016"]
[Site "Hoogeveen"]
[Date "2016.10.16"]
[Round "2.17"]
[White "Van der Veen, Jan"]
[Black "Romanishin, Oleg M"]
[Result "0-1"]
[BlackElo "2456"]
[WhiteElo "2059"]
[LiveChessVersion "1.4.8"]

1. e4 {[%clk 1:26:53]} c5 {[%clk 1:30:16]} 2. Nf3 {[%clk 1:25:20]} e6
{[%clk 1:30:40]} 3. g3 {[%clk 1:22:25]} Nc6 {[%clk 1:27:03]} 4. Bg2
{[%clk 1:22:41]} Nf6 {[%clk 1:27:00]} 5. Qe2 {[%clk 1:22:04]} d6 {[%clk 1:23:54]}
6. O-O {[%clk 1:21:58]} Be7 {[%clk 1:22:02]} 7. c3 {[%clk 1:16:31]} e5
{[%clk 1:21:51]} 8. d3 {[%clk 1:09:42]} O-O {[%clk 1:21:47]} 9. Na3
{[%clk 1:07:56]} Ne8 {[%clk 0:51:19]} 10. Nc4 {[%clk 0:30:41]} f5
{[%clk 0:51:29]} 11. Ne3 {[%clk 0:27:01]} f4 {[%clk 0:47:46]} 12. gxf4
{[%clk 0:24:06]} exf4 {[%clk 0:46:41]} 13. Nd5 {[%clk 0:21:16]} g5
{[%clk 0:45:40]} 14. h3 {[%clk 0:15:31]} Nc7 {[%clk 0:44:19]} 15. Nxc7
{[%clk 0:10:50]} Qxc7 {[%clk 0:44:27]} 16. d4 {[%clk 0:09:07]} Kh8
{[%clk 0:36:45]} 17. Rd1 {[%clk 0:07:58]} Bf6 {[%clk 0:25:01]} 18. e5
{[%clk 0:04:37]} dxe5 {[%clk 0:25:18]} 19. dxc5 {[%clk 0:04:34]} g4
{[%clk 0:23:23]} 20. hxg4 {[%clk 0:04:02]} Bxg4 {[%clk 0:23:37]} 21. Rd6
{[%clk 0:01:25]} Qg7 {[%clk 0:20:15]} 22. Qe4 {[%clk 0:00:32]} Rg8
{[%clk 0:18:23]} 0-1

[Event "Hoogeveen Open 2016"]
[Site "Hoogeveen"]
[Date "2016.10.16"]
[Round "2.18"]
[White "Bellia, Fabrizio"]
[Black "Elgersma, Simon"]
[Result "1-0"]
[WhiteElo "2447"]
[BlackElo "2084"]
[PlyCount "101"]
[EventDate "2016.??.??"]

1. e4 e6 2. d4 d5 3. Nd2 Be7 4. Bd3 c5 5. exd5 Qxd5 6. Ngf3 cxd4 7. O-O Nf6 8.
Re1 Nc6 9. Ne4 h6 10. a3 O-O 11. b4 a6 12. Bf4 Rd8 13. Qe2 Nh5 14. Bc7 Rd7 15.
Bc4 Qf5 16. Ng3 Nxg3 17. Bxg3 Bf6 18. Rad1 Rd8 19. Nh4 Qh7 20. Bd3 g6 21. f4
Bd7 22. Nf3 Qg7 23. Nd2 Be8 24. Nb3 Ne7 25. Nc5 Bc6 26. Ne4 Bxe4 27. Qxe4 Nd5
28. Rd2 Rac8 29. Bf2 Nxf4 30. Qxb7 Bg5 31. Rdd1 Nxd3 32. cxd3 Rc2 33. Bg3 Be3+
34. Kh1 f5 35. Qb6 Qd7 36. Rxe3 dxe3 37. Qxe3 Qd5 38. Rg1 g5 39. Be5 Qxd3 40.
Qa7 Qd7 41. Qe3 Qc6 42. Qa7 Rd7 43. Qb8+ Qc8 44. Qb6 Kf7 45. h3 Qc6 46. Qe3 Rd1
47. Qa7+ Kg6 48. Qg7+ Kh5 49. Qf7+ Kh4 50. Kh2 Rxg1 51. Bg3# 1-0

[Event "Hoogeveen Open 2016"]
[Site "Hoogeveen"]
[Date "2016.10.16"]
[Round "2.19"]
[White "Van Foreest, Lucas"]
[Black "Vogel, Jaap"]
[Result "1-0"]
[WhiteElo "2350"]
[BlackElo "2134"]
[PlyCount "55"]
[EventDate "2016.??.??"]

1. e4 e6 2. d4 d5 3. Nd2 Nf6 4. e5 Nfd7 5. c3 c5 6. Bd3 Nc6 7. Ne2 cxd4 8. cxd4
f6 9. exf6 Nxf6 10. O-O Bd6 11. Nf3 Qc7 12. Nc3 a6 13. Bd2 O-O 14. h3 Bd7 15.
Re1 Rac8 16. Rc1 Qb8 17. Na4 Nb4 18. Rxc8 Bxc8 19. Bb1 Nc6 20. Nb6 Qc7 21. Nxc8
Qxc8 22. a3 Re8 23. Bc3 Bf4 24. Ne5 Nxe5 25. dxe5 Nd7 26. Qh5 Nf8 27. Bb4 g6
28. Qh4 1-0

[Event "Hoogeveen Open 2016"]
[Site "Hoogeveen"]
[Date "2016.10.16"]
[Round "2.20"]
[White "De Jong, Migchiel"]
[Black "Henseler, Jorgen"]
[Result "1-0"]
[WhiteElo "2330"]
[BlackElo "2053"]
[PlyCount "53"]
[EventDate "2016.??.??"]

1. Nf3 g6 2. e4 Bg7 3. d4 d6 4. Be2 Nf6 5. Nc3 O-O 6. O-O c6 7. Re1 Nbd7 8. Bf4
Qa5 9. Nd2 b5 10. e5 Ne8 11. a4 b4 12. Nc4 Qd8 13. Na2 d5 14. Nxb4 dxc4 15.
Nxc6 Qb6 16. Nxe7+ Kh8 17. Bg4 f5 18. Bf3 Bb7 19. a5 Qb5 20. a6 Bxf3 21. Qxf3
Nc7 22. e6 Nxe6 23. Rxe6 Qxb2 24. Rae1 Qxd4 25. Rd6 Qc3 26. Qxc3 Bxc3 27. Rxd7
1-0